¿Escuela rural o escuela en lo rural? : algunas anotaciones sobre una frase hecha (Record no. 68133)

MARC details
000 -CABECERA
campo de control de longitud fija 00607nam a2200217 a 4500
005 - FECHA Y HORA DE LA ÚLTIMA TRANSACCIÓN
campo de control 20210219153103.0
008 - ELEMENTOS DE LONGITUD FIJA--INFORMACIÓN GENERAL
campo de control de longitud fija 991125n 000 0 u
035 ## - NÚMERO DE CONTROL DEL SISTEMA
Número de control de sistema UPN01000077331
100 ## - ASIENTO PRINCIPAL--NOMBRE PERSONAL
Nombre de persona ORTEGA PRIETO, Miguel Angel
222 ## - TÍTULO CLAVE
Título clave REVISTA DE EDUCACION
245 ## - MENCIÓN DE TÍTULO
Título ¿Escuela rural o escuela en lo rural? : algunas anotaciones sobre una frase hecha
300 ## - DESCRIPCIÓN FÍSICA
Extensión 211-242
362 ## - FECHAS DE PUBLICACIÓN Y/O DESIGNACIÓN SECUENCIAL
Fecha de publicación y/o designación secuencial 1994 No. 303, ene.-abr.
653 0# - TERMINO DE INDIZACION - NO CONTROLADO
Término no controlado CAMPESINOS
653 0# - TERMINO DE INDIZACION - NO CONTROLADO
Término no controlado EDUCACION RURAL
653 0# - TERMINO DE INDIZACION - NO CONTROLADO
Término no controlado ESCUELA RURAL
653 0# - TERMINO DE INDIZACION - NO CONTROLADO
Término no controlado ESPAÑA
653 0# - TERMINO DE INDIZACION - NO CONTROLADO
Término no controlado MAESTRO RURAL
904 ## - ELEMENTOS DE DATOS D LOCAL, LDD (RLIN)
a AC
b 015142
905 ## - TIPO DE MATERIAL
Tipo de material Articulo

No items available.